000 00447nam a22001457a 4500
005 20240520081420.0
008 240520b |||||||| |||| 00| 0 eng d
041 _aEnglish
082 _a349 LAW
100 _lEnglish
245 _aThe Law Reports: Appeal Cases
260 _aLondon:
_bThe Incorporated Council of Law Reporting for England and Wales,
_c1942
650 _aLegal practice
_bLaw
942 _cBK
_6ALISON_BN_VRIES
999 _c1727
_d1727